[Event "Sao Paulo Itau Cup 9th"]
[Site "Sao Paulo"]
[Date "2005.10.01"]
[Round "1"]
[White "Moron, Celso Estevez"]
[Black "Limp, Eduardo Thelio"]
[Result "0-1"]
[WhiteElo "1924"]
[BlackElo "2447"]
[PlyCount "64"]
[EventDate "2005.10.01"]
[EventType "swiss"]
[EventRounds "9"]
[EventCountry "BRA"]
[SourceTitle "CBM 108 Extra"]
[Source "ChessBase"]
[SourceDate "2005.11.04"]
[SourceVersion "1"]
[SourceVersionDate "2005.11.04"]
[SourceQuality "1"]

1. d4 Nf6 2. Bg5 d5 3. Bxf6 exf6 4. e3 c5 5. Nf3 Nc6 6. Be2 Qb6 7. b3 Be6 8. 0-0 Rd8 9. c3 Be7 10. Nbd2 0-0 11. dxc5 Qxc5 12. Rc1 Qa3 13. Qc2 Rc8 14. Qb1 Rfd8 15. Nd4 Nxd4 16. exd4 a6 17. f4 f5 18. g4 g6 19. Bd3 fxg4 20. f5 gxf5 21. Bxf5 Qd6 22. Bxh7+ Kg7 23. Bf5 Rh8 24. Rf2 Bg5 25. Qd3 Rh3 26. Qe2 g3 27. Qg4 gxf2+ 28. Kf1 Bxf5 29. Qxf5 Qg6 30. Qxh3 Bxd2 31. Rd1 Qg1+ 32. Ke2 Qe1+ 0-1